000 00540nam a22002177a 4500
003 UA-OsUOA
001 39979
007 ta
008 20060710b un ||||| |||| 00| 0 ukr d
100 _aДроздовський Д.
090 _a82
_bД75
942 _cSA
040 _aUA-OsUOA
_bukr
_cUA-OsUOA
_dUA-OsUOA
245 _aСвіт Соломиї Павличко
300 _aС.6
955 _a0
041 _aukr
080 _a82
773 0 _w39978
650 7 _a82 Література. Літературознавство
_2UDC
999 _c326121
_d326121